Home Print Resources E-Books E-Journals IIMT Lecture Series Library Membership Form Book Recommendation Form Campus Tour Take AdmissionAbout Us Contact Us

PRACTICAL PHARMACEUTICAL INORGANIC CHEMISTRY (Record no. 44834)

000 -LEADER
fixed length control field nam a22 7a 4500
003 - CONTROL NUMBER IDENTIFIER
control field OSt
005 - DATE AND TIME OF LATEST TRANSACTION
control field 20190322101453.0
008 - FIXED-LENGTH DATA ELEMENTS--GENERAL INFORMATION
fixed length control field 190322b xxu||||| |||| 00| 0 eng d
040 ## - CATALOGING SOURCE
Transcribing agency IIMT UNIVERSITY, MEERUT
Modifying agency SEROSOFT
100 ## - MAIN ENTRY--PERSONAL NAME
Personal name RAO B S
245 ## - TITLE STATEMENT
Title PRACTICAL PHARMACEUTICAL INORGANIC CHEMISTRY
Statement of responsibility, etc. AUTHOR
Medium ENGLISH
250 ## - EDITION STATEMENT
Edition statement 2ND ED
260 ## - PUBLICATION, DISTRIBUTION, ETC.
Place of publication, distribution, etc. HYDERABAD
Name of publisher, distributor, etc. PHARMAMED
Date of publication, distribution, etc. 2018
300 ## - PHYSICAL DESCRIPTION
Extent PAPERBACK
Other physical details 229 PP.
760 ## - MAIN SERIES ENTRY
Edition 2ND ED.
856 ## - ELECTRONIC LOCATION AND ACCESS
Materials specified PAPERBACK
Uniform Resource Identifier <a href="PHARMACEUTICAL INORGANIC CHEMISTRY">PHARMACEUTICAL INORGANIC CHEMISTRY</a>
Public note PHARMACEUTICAL INORGANIC CHEMISTRY
887 ## - NON-MARC INFORMATION FIELD
Source of data TITLE
942 ## - ADDED ENTRY ELEMENTS (KOHA)
Source of classification or shelving scheme
Koha item type Text-Book- for 7 days
Edition 2ND ED
Classification part TITLE
Item part BOOK
Call number prefix 541.246 RAO
Call number suffix 541.246 RAO
Holdings
Withdrawn status Lost status Source of classification or shelving scheme Damaged status Not for loan Home library Current library Date acquired Source of acquisition Coded location qualifier Cost, normal purchase price Inventory number Full call number Barcode Date last seen Copy number Uniform Resource Identifier Cost, replacement price Price effective from Koha item type Public note
          IIMT SCHOOL OF PHARMACEUTICAL SCIENCES IIMT SCHOOL OF PHARMACEUTICAL SCIENCES 03/22/2019 KIRTI PUBLICATION DELHI PHARMACEUT 250.00 IN 2988 DATED 02/03/2019 541.166 RAO 27-B-833 03/22/2019 R CHEMISTRY 250.00 03/09/2019 Book Bank PRACTICAL PHARMACEUTICAL INORGANIC CHEMISTRY
          IIMT SCHOOL OF PHARMACEUTICAL SCIENCES IIMT SCHOOL OF PHARMACEUTICAL SCIENCES 03/22/2019 KIRTI PUBLICATION DELHI PHARMACEUT 250.00 IN 2988 DATED 02/03/2019 541.166 RAO 27-B-834 03/22/2019 R CHEMISTRY 250.00 03/09/2019 Book Bank PRACTICAL PHARMACEUTICAL INORGANIC CHEMISTRY
IIMT, Central Library. All Rights Reserved IIMT,UNIVERSITY © 2023
Implemented and Customised by I CLOUDE EMS
You Are OPAC Visitor No
free web counter

Powered by Koha